Сварка и резка материалов: учебное пособие
| Další autoři: | |
|---|---|
| Shrnutí: | В пособии приведены общие сведения о сварке, сварных соединениях и швах. Рассмотрены различные способы сварки, сборочно-сварочные приспособления и оборудование, применяемое при сварке, а также методы контроля сварных соединений. Описаны способы резки металлов и сплавов. Освещены вопросы техники безопасности. Для учащихся и преподавателей учреждений начального профессионального образования по специальностям: газосварщик, электрогазосварщик, электросварщик на автоматических и полуавтоматических машинах, электросварщик ручной сварки. Может быть использовано студентами учреждений среднего профессионального, образования, а также рабочими сварочного производства. Исключено из фонда НТБ ТПУ |
| Jazyk: | ruština |
| Vydáno: |
Москва, Академия, 2006
|
| Vydání: | 5-е изд. стер. |
| Edice: | Профессиональное образование. Металлообработка Федеральный комплект учебников |
| Médium: | Kniha |
| KOHA link: | https://koha.lib.tpu.ru/cgi-bin/koha/opac-detail.pl?biblionumber=117068 |
MARC
| LEADER | 00000nam0a2200000 4500 | ||
|---|---|---|---|
| 001 | 117068 | ||
| 005 | 20231031123532.0 | ||
| 010 | |a 5769531800 | ||
| 035 | |a (RuTPU)RU\TPU\book\126693 | ||
| 035 | |a RU\TPU\book\84597 | ||
| 090 | |a 117068 | ||
| 100 | |a 20050701d2006 m y0rusy50 ca | ||
| 101 | 0 | |a rus | |
| 102 | |a RU | ||
| 105 | |a a j 001zy | ||
| 200 | 1 | |a Сварка и резка материалов |e учебное пособие |f под ред. Ю. В. Казакова | |
| 205 | |a 5-е изд. стер. | ||
| 210 | |a Москва |c Академия |d 2006 | ||
| 215 | |a 400 с. |c ил. | ||
| 225 | 1 | |a Профессиональное образование. Металлообработка | |
| 225 | 1 | |a Федеральный комплект учебников | |
| 320 | |a Рекомендуемая литература: с. 389-390. | ||
| 320 | |a Предметный указатель: с. 391-395. | ||
| 330 | |a В пособии приведены общие сведения о сварке, сварных соединениях и швах. Рассмотрены различные способы сварки, сборочно-сварочные приспособления и оборудование, применяемое при сварке, а также методы контроля сварных соединений. Описаны способы резки металлов и сплавов. Освещены вопросы техники безопасности. Для учащихся и преподавателей учреждений начального профессионального образования по специальностям: газосварщик, электрогазосварщик, электросварщик на автоматических и полуавтоматических машинах, электросварщик ручной сварки. Может быть использовано студентами учреждений среднего профессионального, образования, а также рабочими сварочного производства. | ||
| 333 | |a Исключено из фонда НТБ ТПУ | ||
| 451 | 1 | |0 (RuTPU)RU\TPU\book\132593 |y 978-5-7695-4117-9 |t Сварка и резка материалов |o учебное пособие для начального профессионального образования |f под ред. Ю. В. Казакова |e 6-е изд., стер. |c М. |n Академия |d 2007 |p 400 с. | |
| 451 | 1 | |0 (RuTPU)RU\TPU\book\84597 |y 5-7695-1255-5 |t Сварка и резка материалов |o учебное пособие |f под ред. Ю. В. Казакова |e 4-е изд., испр. |c М. |n Академия |d 2004 |p 400 с. |s Федеральный комплект учебников | |
| 675 | |a 621.791(075.32) |v 3 | ||
| 702 | 1 | |a Казаков |b Ю. В. |g Юрий Васильевич |4 340 | |
| 801 | 1 | |a RU |b 63413507 |c 20070530 |g PSBO | |
| 801 | 2 | |a RU |b 63413507 |c 20210601 |g PSBO | |
| 942 | |c BK | ||
| 959 | |a 46/20070529 |d 2 |e 330,00 |f АНЛ:1 |f ЧЗТЛ:1 | ||